Čína stúpa nezadržateľne k vrcholu toptriády
Fakty privádzajúce k opodstatnosti očakávaní v prolongácii dynamického stúpania čínskej ekonomiky k vrcholu svetového hospodárstva. Podľa analýz OECD by ekonomika Číny mohla predstihnúť väčšinu západných ekonomík už v priebehu piatich rokov. Polovica príjmov v Číne pochádza z privátneho sektora. Čín...
Salvato in:
| Autore principale: | |
|---|---|
| Natura: | Capitolo di libro |
| Lingua: | slovacco |
| Soggetti: | |
| Tags: |
Nessun Tag, puoi essere il primo ad aggiungerne!!
|
MARC
| LEADER | 00000naa$a2200000$$$4500 | ||
|---|---|---|---|
| 001 | 0077465 | ||
| 005 | 20240502071911.0 | ||
| 041 | 0 | |a slo | |
| 044 | |a SK | ||
| 245 | 1 | 0 | |a Čína stúpa nezadržateľne k vrcholu toptriády |c Ladislav Lysák |
| 520 | |a Fakty privádzajúce k opodstatnosti očakávaní v prolongácii dynamického stúpania čínskej ekonomiky k vrcholu svetového hospodárstva. Podľa analýz OECD by ekonomika Číny mohla predstihnúť väčšinu západných ekonomík už v priebehu piatich rokov. Polovica príjmov v Číne pochádza z privátneho sektora. Čína ako dôležitý obchodný partner viacerých štátov EÚ. | ||
| 610 | 2 | 0 | |a hospodárstvo svetové |
| 610 | 2 | 0 | |a Čína |
| 610 | 2 | 0 | |a hospodárstvo trhové |
| 610 | 2 | 0 | |a výsledok hospodársky |
| 100 | 1 | |a Lysák, Ladislav | |